Colección Metodologías /
Guardat en:
| Format: | Llibre |
|---|---|
| Idioma: | Spanish |
| Publicat: |
San José, Costa Rica :
Ministerio de Cultura, Juventud y Deportes. Centro Nacional para el Desarrollo de la mujer y la familia
|
| Matèries: | |
| Etiquetes: |
Afegir etiqueta
Sense etiquetes, Sigues el primer a etiquetar aquest registre!
|
MARC
| LEADER | 00000nam a22000007a 4500 | ||
|---|---|---|---|
| 003 | cru CIDCACS/IIS | ||
| 005 | 20231130152648.0 | ||
| 007 | ta | ||
| 008 | 231130b |||||||| |||| 00| 0 spa d | ||
| 040 | |c cru CIDCACS/IIS | ||
| 090 | |a REV01225 | ||
| 245 | |a Colección Metodologías / |c Ministerio de Cultura, Juventud y Deportes. Centro Nacional para el Desarrollo de la mujer y la familia | ||
| 260 | |a San José, Costa Rica : |b Ministerio de Cultura, Juventud y Deportes. Centro Nacional para el Desarrollo de la mujer y la familia | ||
| 270 | |a 100 m. oeste ICE San Pedro de Montes de Oca, |e Apdo. 59-2015, |b San Pedro de Montes de Oca, |c San José, |d Costa Rica | ||
| 500 | |a EXISTENCIAS : 1994 (1) 1996 (2) Vivir sin violencia es un derecho 1996 (6) Educación para una vida sin violencia | ||
| 500 | |a Colección Centroamérica | ||
| 650 | 1 | 0 | |a MUJERES |9 88 |
| 650 | 1 | 0 | |a FAMILIA |9 91 |
| 650 | 1 | 4 | |a METODOLOGIA |9 3211 |
| 650 | 1 | 0 | |a ASPECTOS SOCIALES |9 632 |
| 651 | 1 | 0 | |9 32 |a COSTA RICA |
| 942 | |2 ddc |c PP | ||
| 999 | |c 45383 |d 45383 | ||
